LIBRARY & INFORMATION CENTRE, KCAET, TAVANUR

ONLINE PUBLIC ACCESS CATALOGUE (OPAC)

Handbook of pest management in agriculture, Vol.I / (Record no. 13142)

MARC details
000 -LEADER
fixed length control field 00463cam a2200169ua 4500
041 ## - LANGUAGE CODE
Language code of text/sound track or separate title eng
082 ## - DEWEY DECIMAL CLASSIFICATION NUMBER
Classification number 632.9
Item number PIM/HA
100 ## - MAIN ENTRY--AUTHOR NAME
Personal name Pimental, David .
245 00 - TITLE STATEMENT
Title Handbook of pest management in agriculture, Vol.I /
260 ## - PUBLICATION, DISTRIBUTION, ETC. (IMPRINT)
Place of publication New Delhi :
Name of publisher C B S Publishers & Distributers ,
Year of publication 1993.
300 ## - PHYSICAL DESCRIPTION
Number of Pages 765 ; .
942 ## - ADDED ENTRY ELEMENTS (KOHA)
Koha item type Books
Holdings
Withdrawn status Lost status Damaged status Home library Current library Date acquired Full call number Accession Number Koha item type
      KAUAET KAUAET 07/04/2012 632.9 21400 Reference
free website counter